01254 2200325 4500001002100000005001500021035002000036007000300056008004100059100001900100245011200119300003900231020002200270082000800292084001700300250003000317264004200347336002100389337003000410338002300440490001500463520026900478650003100747700003000778700002600808700003100834700003100865990001600896990001600912INLIS00000000004429620221020113026 a0010-1022000008ta221020 0 0 aEva Musdalifah1 aLattigi /cEva Musdalifah; penyunting, Yulia Loekito, Gin Teguh, Yuni Ananindra; ilustrator, Muhammad Harir a25 halaman :bilustrasi ;c21,5 cm a978-623-7615-67-5 a819 aSR 819 EVA l aCetakan pertaka Juni 2022 aYogyakarta :bLingkarantarnusa,c2022 2rdacontentateks 2rdamediaatanpa perantara 2rdacarrieravolume aSeri NuKil aBuku-buku seri NuKil ini hadir, untuk mengembalikan anak-anak dan keluarga-keluarga pada akar budayanya, selain melestarikan kekayaan bahasa dan budaya nusantara. Jika buku terbaca oleh anak-anak dari daerah lain, benih-benih toleransilah yang diharapkan disemail. 4aSastra Daerah di Indonesia0 aYulia Loekitoepenyunting0 aGin Teguhepenyunting0 aYuni Ananindraepenyunting0 aMuhammad Harireilustrator a50972.63792 a50972.63792